Vliv období vysokoškolského studia na osobnostní a kognitivní změny
Predstavenie osobnostných a kognitívnych zmien a posunov v priebehu vysokoškolského štúdia. Použitá metóda pološtruktúrovaných rozhovorov s vysokoškolákmi a následná analýza dát. Koncept profesionálneho myslenia.
Saved in:
| Main Author: | |
|---|---|
| Format: | Book Chapter |
| Language: | Czech |
| Subjects: | |
| Tags: |
No Tags, Be the first to tag this record!
|
MARC
| LEADER | 00000naa a2200000 4500 | ||
|---|---|---|---|
| 001 | 0281837 | ||
| 005 | 20240417075152.7 | ||
| 041 | 0 | |a cze | |
| 044 | |a CZ | ||
| 245 | 1 | 0 | |a Vliv období vysokoškolského studia na osobnostní a kognitivní změny |c Barbora Pánková |
| 520 | |a Predstavenie osobnostných a kognitívnych zmien a posunov v priebehu vysokoškolského štúdia. Použitá metóda pološtruktúrovaných rozhovorov s vysokoškolákmi a následná analýza dát. Koncept profesionálneho myslenia. | ||
| 610 | 2 | 0 | |a vzdelanie vysokoškolské |
| 610 | 2 | 0 | |a dospelí |
| 610 | 2 | 0 | |a racionalita |
| 610 | 2 | 0 | |a rozvoj osobný |
| 610 | 2 | 0 | |a psychológia |
| 100 | 1 | |a Pánková, Barbora | |